000 00801nam a2200277 a 4500
003 AR-BaBNM
005 20251128203606.0
008 082120s2002 ||||||||||||||000 | spa||
040 _cAR-BaBNM
100 1 _aPalomar, Francisco A.
245 0 0 _aPrimeros salones de arte en Buenos Aires
260 _aBuenos Aires
_bMunicipalidad de la Ciudad de Buenos Aires
_c1962
300 _a151 p.
_bil.
490 0 _aCuadernos de Buenos Aires
_vv. 18
500 _aContiene referencias bibliográficas en p. 151
650 4 _aHISTORIA ARGENTINA
650 4 _aARTE
650 4 _aHISTORIA DE BUENOS AIRES
650 4 _aEXPOSICIONES CULTURALES
650 4 _aPINTURA
650 4 _aARTES PLASTICAS
650 4 _aBARRIOS
651 4 _aBuenos Aires [Capital Federal]
942 _cBK
998 _cMARTIN
999 _c4054
_d4054